[Event "Grand Slam Final 3rd"]
[Site "Bilbao"]
[Date "2010.10.10"]
[Round "2"]
[White "Carlsen, Magnus"]
[Black "Anand, Viswanathan"]
[Result "0-1"]
[WhiteElo "2826"]
[BlackElo "2800"]
[Annotator "Ftacnik,L"]
[PlyCount "90"]
[EventDate "2010.10.09"]
[EventType "tourn"]
[EventRounds "6"]
[EventCountry "ESP"]
[EventCategory "22"]
[SourceTitle "CBM 139"]
[Source "ChessBase"]
[SourceDate "2010.11.18"]
[SourceVersion "1"]
[SourceVersionDate "2010.11.18"]
[SourceQuality "1"]

1. e4 e5 2. Nf3 Nc6 3. Bb5 Nf6 4. d3 {Carlsen is ready to play a rich position
without claiming an opening advantage. The modest move 4.d3 is helping to
avoid the unbeatable Berlin Defence.} d6 5. O-O Be7 6. c3 O-O 7. Nbd2 Bd7 8.
Re1 Re8 9. Nf1 Bf8 10. Ba4 h6 11. Ng3 Ne7 {The theory in this new territory is
just being created. It is worth noticing that both GMs are helping themselves
with analogous motifs from the Ruy Lopez.} (11... Rb8 12. d4 b5 13. Bb3 Na5 14.
Bc2 c5 15. b3 Nc6 16. d5 Ne7 17. h3 g6 18. Be3 Bg7 19. Qd2 Kh7 20. Nh2 b4 21.
c4 Nfg8 22. f4 $11 {1-0 Vachier Lagrave,M (2684)-Marcelin,C (2495)/Challons
2009 (33)}) (11... g6 12. h3 (12. d4 Bg7 13. d5 Ne7 14. c4 c6 15. Bd2 Rb8 16.
dxc6 Nxc6 17. Bc3 Qc7 18. Nd2 a6 19. Bxc6 Bxc6 20. a4 b5 21. axb5 axb5 22. cxb5
Rxb5 $17 {0-1 Mullon,J (2458)-Postny,E (2648)/Nancy 2010 (55)}) 12... Na5 (
12... Bg7 13. d4 Rb8 (13... a6 14. a3 b5 15. Bc2 a5 16. Be3 a4 17. Qd2 Kh7 18.
Rad1 Qe7 19. Qe2 Na5 20. Nd2 c5 21. f4 cxd4 22. cxd4 exd4 23. Bxd4 Nh5 24. Bxg7
Nxg3 25. Qf2 Kxg7 26. Qxg3 Rac8 $11 {1-0 De la Villa Garcia,J (2470)-De Souza
Haro,P/San Sebastian 1994 (57)}) 14. Bc2 a6 15. Be3 Kh7 16. Qd2 b5 17. Nh2 d5
18. f3 Be6 19. Qf2 exd4 20. cxd4 Nb4 21. e5 $14 {0-1 Shanava,K (2522)-Beinoras,
M (2426)/Pardubice 2008 (39)}) 13. Bc2 c5 14. d4 cxd4 15. cxd4 Nc6 16. b3 Rc8
17. Bb2 Nb4 18. Bb1 Nc6 19. Qd2 Qb6 20. d5 Nb4 21. Bc3 a5 22. Re3 Rc5 23. a3
Na6 24. b4 $14 {1/2-1/2 Popovic,P (2474)-Nyback,T (2565)/Germany 2008 (49)}) (
11... a6 12. d4 b5 13. Bc2 g6 14. h3 Bg7 {1/2-1/2 Rubinetti,J (2415)-Van
Riemsdijk,H (2390)/San Pedro de Jujuy 1981}) 12. Bb3 Ng6 13. d4 c5 {It seems,
that this active advance in the centre is a new move, so far Black has tried
only the more modest 13...c6.} (13... c6 14. dxe5 dxe5 15. Nf5 Nxe4 16. Nxh6+
gxh6 17. Rxe4 Be6 18. Qxd8 Raxd8 19. Bxe6 Rxe6 20. Re1 c5 21. a4 Red6 22. Kf1
Bg7 23. g4 Rd3 24. Kg2 $11 {1/2-1/2 Khairullin,I (2544)-Aleksandrov,A (2618)/
Moscow 2008 (40)}) 14. h3 Qc7 15. a4 a6 (15... exd4 16. cxd4 c4 17. Bc2 Qb6 18.
a5 Qa6 19. Bd2 $14) 16. a5 cxd4 17. cxd4 exd4 18. Nxd4 d5 $1 {Anand has
decided to open up the centre in a situation in which all his pieces are
already developed.} 19. exd5 (19. Nh5 Nxh5 20. Qxh5 Bc5 $1 (20... Re5 21. Qf3
$14) 21. Qxd5 Bxh3 22. gxh3 Rad8 23. Qxf7+ (23. Qh5 Rxd4 24. Qxg6 Rd3 25. Bxf7+
Qxf7 26. Qxf7+ Kxf7 $11) 23... Qxf7 24. Bxf7+ Kxf7 25. Nf5 Bb4 26. Re3 Rd1+ 27.
Kg2 Nf4+ 28. Kh2 Re5 $11) 19... Rxe1+ 20. Qxe1 Re8 {Nearly all very strong
players simply love piece activity. Black did not have any problem with
eliminating the dangers after the modest 20...Ne7. The move in the game is
somewhat more ambitious.} (20... Ne7 21. Bd2 Nexd5 22. Rc1 Re8 23. Qxe8 Qxc1+
24. Bxc1 Bxe8 $11) 21. Qc3 Qxc3 22. bxc3 Re1+ 23. Kh2 Bd6 {The current World
Champion would love to beat his young rival, but with the help of the
interesting move 23...Ne5!? he could have only forced the repetition of moves.}
(23... Ne5 $5 24. Nf3 (24. f3 Nd3 25. Bb2 Re3 26. Ba3 Nc5 $15) (24. Bb2 Neg4+
25. hxg4 Nxg4+ 26. Kh3 Nxf2+ 27. Kh2 (27. Kh4 Be7+ 28. Kh5 Bg4#) 27... Ng4+ 28.
Kh3 Rxa1 29. Bxa1 Ne3+ 30. Ne6 (30. Kh2 Bd6 $17) 30... Bd6 31. Ne4 Ba3 $15)
24... Nfg4+ 25. hxg4 Nxg4+ 26. Kh3 Nxf2+ 27. Kh2 Ng4+ $11) 24. Nc2 (24. Bb2
Rxa1 25. Bxa1 Ne4 26. Bc2 Nxf2 27. c4 Be5 28. Nb3 Bxa1 29. Nxa1 Ne5 $11) 24...
Rf1 25. Be3 Rxa1 26. Nxa1 Be5 {More play could have been kept in the position
after the logical move 26...Ne7.} (26... Ne7 27. c4 Nf5 28. Bb6 Nxg3 29. fxg3
Be5 30. Nc2 Ne4 31. Kg1 Bxg3 $11) 27. Bd4 (27. Nc2 Bxc3 28. Bb6 Nf4 29. Ne3 $11
) 27... Bxd4 28. cxd4 Ne7 29. Nc2 (29. d6 Nc8 30. Nc2 Nxd6 31. Ne3 $11) 29...
Nfxd5 30. Ne4 b6 {It is quite easy to guess why Anand was not eager to fix the
pawns of the queenside on the light squares. Seemingly the logical exchange on
b6 is unfortunately marred by a serious problem.} (30... b5 31. Nc5 Bc8 32. g3
Kf8 $11) 31. Ne3 $1 (31. axb6 Nxb6 32. Nc5 Bb5 $11) 31... Nxe3 (31... Bc6 32.
Nxd5 Nxd5 33. Bxd5 Bxd5 34. Nc3 Bc6 35. axb6 $18) 32. axb6 $1 N3f5 {A
sufficient defence was also tied in with the knight check on f1, but the
defender would have suffered in a slightly worse position.} (32... Nf1+ $5 33.
Kg1 Bc6 34. Nd6 Nd2 35. Bxf7+ Kf8 36. Be6 a5 37. b7 Bxb7 38. Nxb7 a4 $11) 33.
Nc5 $2 {[%mdl 64] Carlsen is also only human and thus fallible. His natural
right to err is used at a very unfortunate moment, since with the witty 33.d5!
serious problems were rather awaiting Black. Bad form is often manifested by
erroneous decisions in critical moments.} (33. d5 $1 Bc8 (33... Nc6 34. dxc6
Bxc6 35. Nc5 Nd6 36. Nxa6 $16) 34. g4 Nd4 35. Nd6 Bb7 36. Nxb7 Nc8 37. Ba2 (37.
Bc4 Nxb6 38. Bxa6 Nxd5 $11) 37... Nxb6 38. d6 Kf8 39. Kg3 Ke8 $11) 33... Nxd4 (
33... Bc6 34. b7 Bxb7 35. Nxb7 Nxd4 36. Bc4 Nb5 37. Nc5 $11) 34. b7 (34. Nxd7
Nxb3 35. b7 Nc6 36. b8=Q+ Nxb8 37. Nxb8 a5 $19) 34... Nec6 35. Ba4 Be8 $1 {
White must have missed the fact that the plan of recovering the piece thanks
to the mighty b7-pawn will fail due to the trapped knight on the b8-square!} (
35... Bf5 36. Nxa6 Bd7 37. Nc5 Be6 38. Na6 $11) 36. Nxa6 (36. b8=Q Nxb8 37.
Bxe8 Kf8 38. Ba4 Ke7 $17) 36... Kf8 37. Kg3 (37. Bxc6 Nxc6 38. b8=Q Nxb8 39.
Nxb8 Bb5 40. Kg3 Ke7 41. Kf4 Kd6 42. g4 Kc7 $19) 37... Ke7 38. Kf4 Ne6+ {
Black could already enjoy the choice of punishment for his unfortunate enemy.
It his difficult to find fault with the conservative and careful approach from
the game.} (38... Nb8 39. Nxb8 Bxa4 40. Ke3 Bc6 41. Kxd4 Bxb7 $19) 39. Ke3 Ned8
40. Bxc6 Nxc6 41. h4 (41. b8=Q Nxb8 42. Nxb8 Bb5 43. Kd4 Kd6 44. g3 Bf1 45. h4
Kc7 $19) 41... Kd6 42. g4 Bd7 43. g5 hxg5 44. hxg5 g6 45. f4 Be6 {After fixing
the pawns on the kingside Black is ready to force the win with the spare
bishop.} (45... Be6 46. Kd3 Bd5 47. Ke3 Nb8 48. Nxb8 Bxb7 49. Kd4 Kc7 50. Ke5
Kxb8 51. Kf6 Bd5 52. f5 Be4 53. fxg6 fxg6 $19) 0-1

[Event "Nanjing Pearl Spring 3rd"]
[Site "Nanjing"]
[Date "2010.10.22"]
[Round "3"]
[White "Topalov, Veselin"]
[Black "Anand, Viswanathan"]
[Result "0-1"]
[WhiteElo "2803"]
[BlackElo "2800"]
[Annotator "Anand,V"]
[PlyCount "66"]
[EventDate "2010.10.20"]
[EventType "tourn"]
[EventRounds "10"]
[EventCountry "CHN"]
[EventCategory "21"]
[SourceTitle "CBM 139"]
[Source "ChessBase"]
[SourceDate "2010.11.18"]
[SourceVersion "1"]
[SourceVersionDate "2010.11.18"]
[SourceQuality "1"]

1. d4 {Our first game since the match, I wasn't sure what he would aim for.}
Nf6 2. c4 e6 3. Nf3 d5 4. Nc3 Be7 5. Bg5 h6 6. Bh4 O-O 7. e3 Ne4 {Continuing
from the 12th game in Sofia.} 8. Bxe7 Qxe7 9. cxd5 ({In Sofia and also in the
Olympiad, he went for} 9. Rc1) 9... Nxc3 10. bxc3 exd5 11. Qb3 Rd8 12. c4 {
Ivanchuk beat Jakovenko recently with this move, so I guess its sort of
topical.} Be6 13. c5 b6 14. Rc1 bxc5 15. Qa3 (15. Rxc5 Nd7 16. Rxc7 Rdb8 {
Black has good compensation.}) 15... Nd7 16. Bb5 Bg4 $1 {The point of Black's
play.} 17. Bxd7 (17. Nd2 Qg5 (17... c6 18. Bxc6 Rac8 $1 19. Bxd7 cxd4 20. Rxc8
Rxc8 21. Bxc8 Qxa3 22. Bxg4 dxe3 $17)) 17... Rxd7 {This works tactically.} 18.
Qxc5 (18. Rxc5 Qe4 19. Ke2 Rd6 (19... Re8 20. Rhc1 Rd6 21. h3 Bxf3+ 22. gxf3
Qxd4 $15) 20. h3 Bc8 {harder to find, but either way Black is better} 21. Rhc1
Ba6+ 22. Kd1 Qg6) (18. Ne5 cxd4 19. Qxe7 Rxe7 20. Nc6 (20. Nxg4 h5 {traps the
knight}) 20... Re6 21. h3 Bh5 22. Nxd4 Ra6 23. Rxc7 Rxa2 24. O-O a5) 18... Qe4
19. Rg1 {This move caught me by surprise, however it doesn't really improve
White's position} Re8 {This move implies an exchange sac, but it felt very
promising.} (19... Bxf3 20. gxf3 Qxf3 21. Qc6 Rb8 $1 22. Qxh6 g6 23. Qf4 (23.
Rg3 Qh1+ 24. Kd2 Rb2+ 25. Rc2 Rxc2+ 26. Kxc2 Rd6 $1 $19) 23... Qxf4 24. exf4 {
The computer really likes Black's position, but I am not sure his edge is so
great.}) (19... f6 20. Qc2 Bxf3 21. gxf3 Qxf3 22. Rg3 Qe4 23. Qxe4 dxe4 {
I thought this was too small an edge.} 24. Rg4 Re8 25. Rf4 {and White's rook
escapes to the queenside.}) 20. Qb5 (20. Ne5 Rxe5 21. dxe5 d4 22. h3 (22. Qb4
Qxe5 23. h3 c5 $17 24. Qxc5 d3 $1) 22... dxe3 23. hxg4 (23. Qxe3 Qb4+ 24. Kf1
Qb5+ 25. Ke1 Rd3 26. Qxd3 (26. hxg4 Rxe3+ 27. fxe3 Qa5+ 28. Kf2 Qxa2+ 29. Kf3
Qd5+ 30. Kf2 Qxe5 31. Rc4 Qb2+ 32. Kf3 a5 33. Rgc1 a4 34. R4c2 (34. Rxc7 a3 $19
) 34... Qf6+ 35. Ke2 Qg5 36. Ra2 Qxg4+ 37. Kf2) (26. Qe4 Qb2 $19) 26... Qxd3
27. hxg4 c5) (23. fxe3 Rd3 24. Kf2 Bxh3 $1 {stronger} (24... Rd2+ 25. Kg3 Be6
$15) 25. gxh3 Rd2+ 26. Kg3 h5 $1 {wins}) 23... exf2+ 24. Kxf2 Qf4+ 25. Ke1 Rd4
$1 $19 26. Qc3 Re4+ 27. Kd1 Qf2 $19) (20. Ke2 f5 $1) 20... Rdd8 21. Qe2 Rb8 {
As soon as I made this move, I was annoyed I didnt go for ...c5. However, it
seems that ...Rb8 is by no means worse.} (21... c5 22. h3 Bxf3 23. gxf3 Qf5 24.
dxc5 $1 (24. Rxc5 Rb8 $1 25. Rc1 Rec8 $19) 24... d4 25. Rg3 {and it seems that
White is holding} d3 26. Qd2 Re5 27. e4) 22. h3 Bxf3 23. gxf3 (23. Qxf3 Qxd4
$19) 23... Qf5 {The problem for White is that his king still can't get to
safety.} 24. f4 (24. Rg3 Rb1 25. Rxb1 (25. Kd1 Rxc1+ 26. Kxc1 Rb8 27. Qc2 Qe6
$19) 25... Qxb1+ 26. Qd1 Qxa2 27. Kf1 Rb8 28. Kg2 Rb2 29. Qf1 Qc4 $1 {seems to
clinch it} (29... a5 30. Qa6 $1)) 24... Rb1 25. Rxb1 (25. Qd1 Reb8 26. Kd2
R8b2+ 27. Kc3 Rxc1+ 28. Qxc1 Rb6 $1 (28... Rxf2 29. Rxg7+ $1 Kxg7 30. Qg1+ Kf8
31. Qxf2 Qxh3 32. f5 {this is too messy}) 29. Kd2 Qxh3 {Black can slowly
advance his h-pawn whilst harassing White's king.}) 25... Qxb1+ 26. Qd1 Rb8 27.
Ke2 Qf5 $1 {Not allowing White's king to get to safety.} (27... Rb2+ 28. Kf3
Qxa2 29. Qf1 {Black is still better, but White's king is safe.}) 28. Rh1 Rb2+
29. Kf3 h5 $1 {The key move, now it's over.} 30. a4 (30. Rh2 h4 $1 31. Kg2 Rb1
$19) 30... Qe4+ 31. Kg3 h4+ 32. Kxh4 Rxf2 33. Qg4 (33. Rg1 Qxe3 34. Rxg7+ Kxg7
35. Qg4+ Kf8 36. Qc8+ Qe8 {wins.}) 33... Rg2 (33... Qe7+ 34. Qg5 Qxe3 {wins as
well.}) 0-1

[Event "Zuerich Chess Challenge"]
[Site "Zuerich"]
[Date "2013.03.01"]
[Round "6"]
[White "Anand, Viswanathan"]
[Black "Kramnik, Vladimir"]
[Result "1-0"]
[WhiteElo "2780"]
[BlackElo "2810"]
[Annotator "Gormally,D"]
[PlyCount "53"]
[EventDate "2013.02.23"]
[EventType "tourn"]
[EventRounds "6"]
[EventCountry "SUI"]
[EventCategory "21"]
[SourceTitle "CBM 153"]
[Source "ChessBase"]
[SourceDate "2013.03.14"]
[SourceVersion "1"]
[SourceVersionDate "2013.03.14"]
[SourceQuality "1"]

{Anand vs Kramnik - could this be a prelude to a world championship match
later? Only time will tell.} 1. e4 e5 2. Nf3 Nc6 3. Bb5 Nf6 4. d3 {Probably a
wise choice against Kramnik, who has analysed the Berlin ending to death. Will
anyone be brave enough to take on his main-line Berlin in London? Watch this
space. Sergey Karjakin said in a interview that he had recently studied the
Berlin with Kramnik - such an experience he felt was like a "masterclass" in
the opening.} Bc5 5. Bxc6 dxc6 6. Nbd2 {This slow method of playing the Ruy
Lopez has become quite popular lately. White turns the game into a manouvreing
battle - he need not fear the two bishops as the position is closed for at
least the time being.} O-O 7. O-O Re8 (7... Bg4 {was a blitz game of Magnus
Carlsen's against the aforementioned Karjakin. I have seen the video of this
game and Carlsen acts rather out of character, being quite disrespectful
towards his opponent - almost yawning at times.  However what it does
demonstrate is how much raw chess talent Carlsen has, as he's able to outplay
a world class player with seemingly no effort whatsoever.} 8. h3 Bh5 9. Nc4 Re8
10. Be3 Bd6 11. Bg5 h6 12. Bh4 g5 13. g4 Bg6 14. Bg3 Nd7 15. h4 f6 16. Ne3 Bf8
17. Kg2 Nc5 18. hxg5 hxg5 19. Nf5 Ne6 20. Rh1 Qd7 21. Rh3 Bxf5 22. exf5 Nf4+
23. Bxf4 exf4 24. Nd2 Rad8 25. Qf3 Bg7 26. Ne4 Kf7 27. Rh7 Rh8 28. Qh3 Rxh7 29.
Qxh7 Rh8 30. Qg6+ Kf8 31. Nxf6 Qf7 32. Nh7+ Rxh7 33. Qxh7 Qd5+ 34. f3 Qe5 35.
Kf1 Qe3 36. Qh3 Bxb2 37. Re1 Qd2 38. Qh6+ Bg7 39. Qg6 Be5 40. f6 {1-0 Carlsen,
M (2837)-Karjakin,S (2779)/Astana 2012/CBM 149 Extra}) 8. Nc4 Nd7 9. Kh1 a5 {
Practically forcing White's next, as otherwise Black will gain useful space on
the queenside with ...a4} 10. a4 b6 11. Be3 Bb4 12. Nfd2 {Of course, White
needs this move to ever make progress. The plan is to play f4. Realising this,
Kramnik decides to force matters.} b5 13. axb5 cxb5 14. c3 $1 {More or less
forced.} ({The problem is that after} 14. Na3 {the knight is really on the
wrong route. Eventually white may be able to play c3, followed by Nc2, but
what then? Besides, there is a problem even with that plan:} Ba6 $1 15. c3 $6
Bxa3 16. Rxa3 b4 $1 17. Rxa5 bxc3 18. bxc3 Bxd3 19. Rxa8 Qxa8 20. Re1 Qc6 {
with strong pressure.}) 14... bxc4 15. cxb4 cxd3 16. bxa5 Ba6 {The smoke has
cleared and both players are left with a potentially strong passed-pawn.
However although both the white pawn on a5 and the black pawn on d3 are
solidly blockaded, the position will remain quite sharp while the possibility
of disturbing these blockades remains in the position.} 17. Qb3 Nf6 18. h3 $6 (
{Naturally my instincts would be drawn towards the move} 18. f3 $1 {which
would seem to stabilise the position. I believe that this is slightly
preferable to the move played in the game, as it gives white more options of
defending the kingside - he can play Bg1, Bf2 etc.} Nh5 19. Qc3 ({White has
many other options of course, like} 19. Nc4) 19... Qh4 20. Kg1 Nf4 21. Bxf4
Qxf4 22. Nb3 {although the position would remain unclear.}) 18... Nh5 19. Rfc1
Nf4 20. Rc6 $36 Ne2 ({As Anand explained in the post-mortem, he had seen the
possibility of} 20... Nxh3 $1 21. gxh3 Qd7 22. Rac1 Qxh3+ 23. Kg1 Qg4+ {
with a draw, but saw no way to avoid it. However it's entirely possible that
Kramnik still had notions of tournament victory - at this stage he was only
half a point behind the leader Fabiano Caruana.}) 21. Qd5 {The critical moment
of the game.} ({White is so well placed on the queenside that the possibility
of sacrificing the exchange with} 21. Rxa6 Rxa6 22. Qc4 {was certainly on
Anand's mind - if he can launch up the b-pawn quickly Black may get into
serious trouble. Black would then have a difficult decision to make - give up
on the d-pawn, or let the a-pawn come through.} {Perhaps wisest is to indeed
to jettison the d-pawn with} Qa8 23. Qxd3 Nd4 24. Bxd4 exd4 25. b4 c5 $1 {
After which White's position rather falls apart, which proves that Anand was
sensible to avoid complications just yet. He is rewarded with a huge blunder.})
21... Qb8 $4 {A real howler, Kramnik overlooks something rather obvious.} (
21... Qxd5 22. exd5 Red8 23. Rxc7 Rxd5 24. b4 {was the way forward, with
another completely unclear endgame in prospect. Objectively the chances are
equal, but i'd probably be White - as Kasparov said in the Caruana-Kramnik
game, White has the better practical chances - Black has more options while
White's way is obvious - at some point he will try to put a knight on c5 or b6.
} Rb5 $1 {It's important not to allow the knight to b3} 25. Rb1 f5 $13) 22.
Rxa6 $1 {All of a sudden the game is over. It's easy with chess to become
obsessed with strategy, positional play, opening preparation and so on. But
horrible blunders decide the games more often than we think.} Rxa6 23. Qxd3
Qxb2 24. Rb1 Rd6 25. Qxe2 Qa2 26. Qb5 c6 27. Qb2 1-0